| 000 | 01151cam a22003377a 4500 | ||
|---|---|---|---|
| 003 | CHAP | ||
| 005 | 20220329134207.0 | ||
| 008 | 971013s1975 r 00010 d | ||
| 010 | _a16780 | ||
| 011 | _a17752 | ||
| 035 | _a21836 | ||
| 040 | _cCHAP | ||
| 090 | _aFolleto 7725 | ||
| 100 | 0 | 0 |
_aJanik, L. J. _961051 |
| 245 | 1 | 4 | _aThe effect of surface area on the quantitative estimation of geothite and lepidocracite by infrared spectros copy |
| 260 |
_a(s.l.) : _bCommonwealth Scientific and Industrial Research Organization. Division of Soils, _c1975 |
||
| 300 |
_a7 p. _b; gráfs |
||
| 490 | 0 |
_aDivional report _v; 1/1975 |
|
| 590 |
_aBATCH-UPD _b10 _c20130110 _lUCH01 _h1826 |
||
| 590 |
_aBATCH-UPD _b10 _c20130410 _lUCH01 _h1158 |
||
| 590 |
_aBATCH-UPD _b10 _c20130914 _lUCH01 _h1643 |
||
| 590 |
_aCONVERSION _b10 _c20130109 _lUCH01 _h1310 |
||
| 650 | 1 | 4 |
_aRayos Infrarrojos. _994863 |
| 650 | 1 | 4 |
_aSensores remotos. _9104427 |
| 650 | 1 | 4 |
_aSuelos _xAnálisis. _9110204 |
| 700 | 0 |
_aRaupach, M. _994757 |
|
| 830 | 0 |
_aDivional report _v; 1/1975 _933011 |
|
| 901 | _aBK | ||
| 942 | _cFOLL | ||
| 949 |
_aFolleto 7725 _bBC _cFOLL _d-50806 _eTS1 _i21836 _mD _si |
||
| 999 |
_c16780 _d16780 |
||